Statistics for Phasmophobia Mega Quiz

Click here to take the quiz!

General Stats

  • This quiz has been taken 418 times
    (377 since last reset)
  • The average score is 49 of 70

Answer Stats

TypeAnswer% Correct
GhostSpirit
90%
Cursed ObjectHaunted Mirror
87%
Starter EquipmentSpirit Box
84%
EvidenceSpirit Box
84%
GhostDemon
83%
EvidenceEMF Level 5
83%
Cursed ObjectOuija Board
83%
Starter EquipmentFlashlight
82%
EvidenceGhost Orb
82%
EvidenceFingerprints
81%
EvidenceGhost Writing
81%
Cursed ObjectMusic Box
80%
Cursed ObjectTarot Cards
80%
Cursed ObjectVoodoo Doll
80%
Starter EquipmentD.O.T.S Projector
79%
EvidenceD.O.T.S Projector
79%
Cursed ObjectSummoning Circle
79%
GhostThe Twins
79%
Starter EquipmentUV Flashlight
78%
Starter EquipmentGhost Writing Book
77%
LocationSunny Meadows (+ Restricted)
77%
GhostThe Mimic
77%
Location6 Tanglewood Drive
75%
EvidenceFreezing Temperatures
75%
GhostPhantom
75%
GhostPoltergeist
75%
GhostBanshee
74%
GhostOni
74%
GhostRevenant
74%
Starter EquipmentVideo Camera
74%
GhostJinn
72%
GhostWraith
72%
GhostDeogen
71%
GhostHantu
71%
GhostMare
71%
Starter EquipmentPhoto Camera
71%
LocationPrison
71%
Optional EquipmentLighter
70%
GhostYokai
70%
Starter EquipmentEMF Reader
69%
GhostRaiju
69%
GhostThaye
69%
GhostObake
68%
GhostShade
68%
Optional EquipmentThermometer
68%
GhostYurei
68%
Location13 Willow Street
67%
LocationBrownstone High School
67%
Optional EquipmentCandle
67%
Optional EquipmentCrucifix
67%
GhostOnryo
67%
Optional EquipmentTripod
65%
GhostGoryo
63%
GhostMyling
63%
Optional EquipmentSalt Shaker
63%
Optional EquipmentMotion Sensor
62%
GhostMoroi
61%
Optional EquipmentParabolic Microphone
60%
Optional EquipmentSanity Pills
60%
Location42 Edgefield Road
59%
LocationMaple Lodge Campsite
57%
Location
10 Ridgeview Court
56%
Optional EquipmentSound Sensor
56%
LocationCamp Woodwind
55%
Optional EquipmentSmudge Sticks
54%
LocationGrafton Farmhouse
53%
Optional EquipmentHead Mounted Camera
50%
LocationBleasdale Farmhouse
46%
Optional EquipmentGlowstick
44%
Optional EquipmentStrong Flashlight
44%

Score Distribution

Percentile by Number Answered

Percent of People with Each Score

Your Score History

You have not taken this quiz since the last reset